Investment Appraisal and Financial Decisions / Fifth Edition (Record no. 813)
[ view plain ]
| 000 -LEADER | |
|---|---|
| fixed length control field | 01589cam a22002054a 4500 |
| 005 - ΗΜΕΡΟΜΗΝΙΑ ΚΑΙ ΩΡΑ ΤΕΛΕΥΤΑΙΑΣ ΕΝΗΜΕΡΩΣΗΣ | |
| Πεδίο ελέγχου | 20250605163946.0 |
| 008 - FIXED-LENGTH DATA ELEMENTS--GENERAL INFORMATION | |
| Πεδίο ελέγχου σταθερού μήκους | 250528s ||||||||||||||||||||||||d |
| 035 ## - SYSTEM CONTROL NUMBER | |
| System control number | 15219 |
| 020 ## - ISBN | |
| ISBN | 412588404 |
| 040 ## - ΠΗΓΗ ΚΑΤΑΛΟΓΟΓΡΑΦΗΣΗΣ | |
| Φορέας πρωτότυπης καταλογογράφησης | MC Athens Campus Library |
| Γλώσσα καταλογογράφησης | Ελληνικά, Μοντέρνα (1453-) |
| Modifying agency | MC Athens Campus Library |
| Κανόνες περιγραφικής καταλογογράφησης | AACR2 |
| 245 1# - ΤΙΤΛΟΣ ΚΑΙ ΔΗΛΩΣΗ ΥΠΕΥΘΥΝΟΤΗΤΑΣ | |
| Τίτλος | Investment Appraisal and Financial Decisions / Fifth Edition |
| 250 ## - EDITION STATEMENT | |
| Edition statement | 5th |
| 260 ## - PUBLICATION, DISTRIBUTION, ETC. | |
| Name of publisher, distributor, etc. | Chapman & Hall, |
| Date of publication, distribution, etc. | 1994 |
| 300 ## - PHYSICAL DESCRIPTION | |
| Extent | 672 |
| 520 ## - SUMMARY, ETC. | |
| Summary, etc. | This book provides a thorough grounding in the techniques and concepts of financial decision making. Preface, Financial Objectives and Corporate Governance, Strategic Planning and the Finance Function, Traditional Methods of Investment Appraisal, The Single-Period Investment Consumption Decision Model, The Discounted Cash Flow Approach, Net Present Value and Internal Rate of Return, Project Appraisal Cash Flows, Capital Market Imperfections, Traditional Approaches to Risk, Risk and Expected Return, Portfolio Theory, The Capital Asset Pricing Model, The Valuation of Options, Interest Rate Risk Management, Market Efficiency and the Term Structure of Interest Rates, The Cost of Company Capital, The Weighted Average Cost of Capital, The Capital Structure Decision in a No-Tax World, Capital Structure in a World with Tax, The Capital Structure Decision in Practice, Investment and Financing Decision Interactions, The Dividend Decision, Foreign Exchange Markets and Rates, Foreign Exchange Risk Management, Overseas Capital Investments, Tables, Answers to Quickie Questions, Index. |
| 700 1# - ΠΡΟΣΘΕΤΗ ΑΝΑΓΡΑΦΗ--ΦΥΣΙΚΟ ΠΡΟΣΩΠΟ | |
| Personal name | Lumby Steve |
| 9 (RLIN) | 1106 |
| 942 ## - ADDED ENTRY ELEMENTS (KOHA) | |
| Koha item type | Books |
| Τύπος τεκμηρίου | Βιβλιοθήκη | Τρέχουσα τοποθεσία | Barcode | Αριθμός εισαγωγής | Ημερομηνία απόκτησης | Ταξιθετικό σύμβολο | Αριθμός αντιτύπου | Κατάσταση απόσυρσης | Κατάσταση χαμένου | Κατάσταση κατεστραμμένου | Μη δανεισμός | Σύνολο δανεισμών | Ημερομηνία τελευταίας εμφάνισης | Η τιμή ισχύει από |
|---|---|---|---|---|---|---|---|---|---|---|---|---|---|---|
| Books | MC Athens Campus Library | MC Athens Campus Library | 9780000008121 | 1456 | 05/06/2025 | 658.151 LUM | 1 | 05/06/2025 | 05/06/2025 |